[Event "HUN-chT2 Toth 2324"]
[White "Aczel Szabo, Csongor"]
[Black "Tenk, Zoltan"]
[Site "Hungary"]
[Round "1.8"]
[Result "1-0"]
[Date "2023.10.08"]
[WhiteElo "1355"]
[BlackElo "1790"]
[PlyCount "57"]
[EventDate "2023.10.08"]
[EventType "team-tourn"]
[EventRounds "9"]
[EventCountry "HUN"]
[SourceTitle "EXT 2025"]
[Source "ChessBase"]
[SourceDate "2024.10.14"]
[SourceVersion "1"]
[SourceVersionDate "2024.10.14"]
[SourceQuality "1"]
[WhiteTeam "Bekesszentandras"]
[BlackTeam "Szeged Maroczy II"]
[WhiteTeamCountry "HUN"]
[BlackTeamCountry "HUN"]

1. d4 d5 2. Bf4 Nf6 3. e3 e6 4. Nf3 c5 5. c3 Be7 6. a3 0-0 7. Nbd2 Nc6 8. Bd3 a6 9. 0-0 b5 10. Ne5 Bb7 11. Ndf3 Ne4 12. Nxc6 Bxc6 13. Ne5 Bb7 14. Qg4 f5 15. Qe2 c4 16. Bc2 Bf6 17. Bxe4 dxe4 18. a4 Qd5 19. Ra2 Be7 20. axb5 axb5 21. Rfa1 Bf6 22. Rxa8 Rxa8 23. Rxa8+ Bxa8 24. Qh5 Qd8 25. Qf7+ Kh8 26. Qxe6 Bxe5 27. Bxe5 Qf8 28. d5 h6 29. Qxh6+ 1-0

[Event "HUN-chT2 Toth 2223"]
[White "Tenk, Zoltan"]
[Black "Balogh, David"]
[Site "Hungary"]
[Round "3.7"]
[Result "0-1"]
[Date "2022.11.20"]
[WhiteElo "1818"]
[BlackElo "2211"]
[PlyCount "82"]
[EventDate "2022.10.16"]
[EventType "team-tourn"]
[EventRounds "11"]
[EventCountry "HUN"]
[SourceTitle "EXT 2025"]
[Source "ChessBase"]
[SourceDate "2024.10.14"]
[SourceVersion "1"]
[SourceVersionDate "2024.10.14"]
[SourceQuality "1"]
[WhiteTeam "Maroczy II"]
[BlackTeam "Kumania Kisujszallas"]
[WhiteTeamCountry "HUN"]
[BlackTeamCountry "HUN"]

1. e4 e6 2. d4 d5 3. e5 c5 4. c3 Nc6 5. Nf3 Bd7 6. Be2 Nge7 7. 0-0 Ng6 8. b3 cxd4 9. cxd4 f6 10. Bb2 Bb4 11. a3 Ba5 12. b4 Bc7 13. Bd3 Nf4 14. Re1 Nxd3 15. Qxd3 0-0 16. Nbd2 Ne7 17. Rac1 Ng6 18. g3 f5 19. Kg2 Nh8 20. Ng1 Rc8 21. Ne2 g5 22. f4 Ng6 23. Rf1 h6 24. b5 Kh7 25. Rc2 Qe8 26. Rfc1 Bb6 27. Rxc8 Bxc8 28. a4 Bd7 29. Nb3 Bd8 30. Nc5 Bc8 31. Qe3 Rg8 32. Nd3 Bd7 33. Nc5 Bc8 34. Nd3 Bd7 35. Nc5 Nxf4+ 36. Kh1 Nxe2 37. Qxe2 Bc8 38. Nd3 Ba5 39. Nc5 Kg6 40. Nb3 Bb4 41. Rc7 Rg7 0-1

[Event "HUN-chT2 Toth 1718"]
[White "Palicska, Janos"]
[Black "Tenk, Zoltan"]
[Site "Hungary"]
[Round "9.9"]
[Result "0-1"]
[Date "2018.03.04"]
[WhiteElo "1869"]
[BlackElo "1883"]
[PlyCount "66"]
[EventDate "2017.09.24"]
[EventType "team-tourn"]
[EventRounds "11"]
[EventCountry "HUN"]
[SourceTitle "EXT 2021"]
[Source "ChessBase"]
[SourceDate "2020.10.23"]
[SourceVersion "1"]
[SourceVersionDate "2020.10.23"]
[SourceQuality "1"]
[WhiteTeam "Szentes Integral"]
[BlackTeam "Szeged Maroczy II"]
[WhiteTeamCountry "HUN"]
[BlackTeamCountry "HUN"]

1. Nf3 d5 2. g3 g6 3. Bg2 Bg7 4. d4 Nf6 5. Bf4 0-0 6. 0-0 b6 7. Re1 Bb7 8. Nbd2 e6 9. c3 Nbd7 10. Nb3 Rc8 11. Nfd2 c5 12. Bd6 Re8 13. dxc5 bxc5 14. e4 e5 15. exd5 c4 16. Nc1 Qb6 17. Ba3 Bf8 18. Bxf8 Kxf8 19. Nf1 Qxb2 20. Ne2 Nc5 21. Ne3 Ba6 22. Qc2 Qxc2 23. Nxc2 Nd3 24. Red1 e4 25. Nf4 Bb7 26. Ne3 Red8 27. Rab1 Nxf4 28. gxf4 Bxd5 29. Nxd5 Nxd5 30. Bxe4 Nxc3 31. Rxd8+ Rxd8 32. Re1 Re8 33. f3 f5 0-1

[Event "HUN-chT2 Maroczy 1314"]
[White "Tenk, Zoltan"]
[Black "Terbe, Zsuzsanna"]
[Site "Hungary"]
[Round "7"]
[Result "1/2-1/2"]
[Date "2014.02.16"]
[WhiteElo "1991"]
[BlackElo "1944"]
[PlyCount "80"]
[EventDate "2013.09.08"]
[EventType "team-tourn"]
[EventRounds "11"]
[EventCountry "HUN"]
[SourceTitle "EXT 2016"]
[Source "ChessBase"]
[SourceDate "2015.10.08"]
[SourceVersion "1"]
[SourceVersionDate "2015.10.08"]
[SourceQuality "1"]
[WhiteTeam "Szeged Maroczy"]
[BlackTeam "Szigetszentmiklos"]
[WhiteTeamCountry "HUN"]
[BlackTeamCountry "HUN"]

1. e4 c5 2. Nf3 Nc6 3. d4 cxd4 4. Nxd4 Nf6 5. Nc3 e5 6. Ndb5 d6 7. Bd3 a6 8. Na3 b5 9. Nd5 Nxd5 10. exd5 Nb8 11. c4 bxc4 12. Bxc4 Nd7 13. 0-0 Be7 14. Be3 0-0 15. Qd2 f5 16. f4 Bf6 17. Kh1 Rb8 18. Rab1 exf4 19. Bxf4 Ne5 20. b3 g5 21. Bxe5 Bxe5 22. Nc2 Qf6 23. Ne1 Qh6 24. Nf3 Bf4 25. Qf2 g4 26. Nh4 Be3 27. Qe1 f4 28. g3 f3 29. Qc3 Bg5 30. Nxf3 gxf3 31. Rxf3 Bf5 32. Bd3 Rbc8 33. Qd4 Bxd3 34. Qxd3 Rxf3 35. Qxf3 Rc2 36. h4 Qf6 37. Qg4 Qf2 38. Qxg5+ Kh8 39. Qd8+ Kg7 40. Qe7+ Kh8 1/2-1/2

[Event "HUN-chT2 Toth 1112"]
[White "Tenk, Zoltan"]
[Black "Hajdu, Istvan"]
[Site "Hungary"]
[Round "8.5"]
[Result "0-1"]
[Date "2012.03.25"]
[WhiteElo "2021"]
[BlackElo "2077"]
[PlyCount "88"]
[EventDate "2011.09.25"]
[EventType "team-tourn"]
[EventRounds "11"]
[EventCountry "HUN"]
[SourceTitle "EXT 2013"]
[Source "ChessBase"]
[SourceDate "2012.11.22"]
[SourceVersion "1"]
[SourceVersionDate "2012.11.22"]
[SourceQuality "1"]
[WhiteTeam "Maroczy II"]
[BlackTeam "Roszke II"]
[WhiteTeamCountry "HUN"]
[BlackTeamCountry "HUN"]

1. e4 Nc6 2. d4 e5 3. d5 Nce7 4. Nf3 Ng6 5. Bd3 Bc5 6. 0-0 Nf6 7. c4 d6 8. b4 Bb6 9. Bb2 0-0 10. Qc2 Qe7 11. Nbd2 Ng4 12. Rac1 c5 13. bxc5 dxc5 14. Rfe1 Bc7 15. Nf1 Nf4 16. Rb1 Qf6 17. Bc1 g5 18. Ng3 Nxf2 19. Kxf2 g4 20. Nf5 gxf3 21. Bxf4 exf4 22. Kxf3 Be5 23. g4 Kh8 24. Rg1 Bxf5 25. exf5 Qh4 26. Qg2 Bd4 27. Rge1 Rae8 28. Rxe8 Rxe8 29. Be4 Rxe4 30. Kxe4 Qe7+ 31. Kd3 Qe3+ 32. Kc2 Qc3+ 33. Kd1 Qd3+ 34. Kc1 Qxc4+ 35. Qc2 Qxd5 36. Qe2 f3 37. Qe8+ Kg7 38. Qb5 Qe4 39. g5 f2 40. f6+ Kg6 41. Qf1 c4 42. h4 c3 43. h5+ Kxg5 44. Rb5+ Kxf6 0-1

[Event "HUN-chT2 Toth 0910"]
[White "Andriska, Zsolt"]
[Black "Tenk, Zoltan"]
[Site "Hungary"]
[Round "3.6"]
[Result "1-0"]
[Date "2009.12.06"]
[WhiteElo "2062"]
[BlackElo "1942"]
[PlyCount "85"]
[EventDate "2009.11.08"]
[EventType "team-tourn"]
[EventRounds "11"]
[EventCountry "HUN"]
[SourceTitle "EXT 2011"]
[Source "ChessBase"]
[SourceDate "2010.11.26"]
[SourceVersion "1"]
[SourceVersionDate "2010.11.26"]
[SourceQuality "1"]
[WhiteTeam "Kkfhazi Honved"]
[BlackTeam "Maroczy II"]
[WhiteTeamCountry "HUN"]
[BlackTeamCountry "HUN"]

1. e4 c5 2. f4 Nc6 3. Nf3 e6 4. c3 d5 5. e5 d4 6. Bb5 Bd7 7. Qe2 a6 8. Bd3 g6 9. 0-0 Nge7 10. Ng5 Nd5 11. Ne4 Be7 12. a4 Qc7 13. Na3 Na5 14. Nc4 Nxc4 15. Bxc4 Bc6 16. b3 Nb6 17. Bd3 Bxe4 18. Bxe4 Rd8 19. Qf3 Rd7 20. Bb2 dxc3 21. Bxc3 Nd5 22. Bb2 0-0 23. Qh3 c4 24. Rf3 f5 25. exf6 Qb6+ 26. Kh1 Bxf6 27. a5 Qd6 28. Ba3 Nxf4 29. Bxd6 Nxh3 30. Bxf8 Bxa1 31. Bh6 Bg7 32. Be3 c3 33. d3 c2 34. Bc1 Rc7 35. gxh3 Rc3 36. d4 Bxd4 37. Rxc3 Bxc3 38. Bxb7 Bxa5 39. Bxa6 Kf7 40. Bd3 Bb4 41. Bxc2 Kf6 42. Bb2+ Kg5 43. Be5 1-0

[Event "HUN-chT2 Toth 0809"]
[White "Sakic, Simeon"]
[Black "Tenk, Zoltan"]
[Site "Hungary"]
[Round "11.5"]
[Result "1/2-1/2"]
[Date "2009.04.19"]
[WhiteElo "1983"]
[BlackElo "2145"]
[PlyCount "86"]
[EventDate "2008.10.26"]
[EventType "tourn"]
[EventRounds "11"]
[EventCountry "HUN"]
[SourceTitle "EXT 2010"]
[Source "ChessBase"]
[SourceDate "2010.11.25"]
[SourceVersion "1"]
[SourceVersionDate "2010.11.25"]
[SourceQuality "1"]
[WhiteTeam "Szentes"]
[BlackTeam "Maroczy II"]
[WhiteTeamCountry "HUN"]
[BlackTeamCountry "HUN"]

1. e4 e5 2. Nf3 Nf6 3. Nxe5 d6 4. Nf3 Nxe4 5. Nc3 Nxc3 6. dxc3 Be7 7. Be3 Nc6 8. Qd2 Bf5 9. Bd3 Bxd3 10. Qxd3 Qd7 11. 0-0 0-0 12. Ng5 Bxg5 13. Bxg5 Rfe8 14. Rfe1 Qg4 15. Qg3 Qxg3 16. fxg3 f5 17. Kf2 Kf7 18. Rxe8 Rxe8 19. Re1 Rxe1 20. Kxe1 Ke6 21. Ke2 Ne5 22. b3 b5 23. Bc1 c5 24. Bf4 Kd5 25. Bg5 Ke4 26. Be7 Nf7 27. Bf8 g6 28. Be7 c4 29. Bf8 g5 30. Be7 h5 31. Bf8 g4 32. Be7 a6 33. Bf8 d5 34. Bc5 Ne5 35. Bb6 Nc6 36. Bc5 d4 37. cxd4 Nxd4+ 38. Kd2 Kd5 39. Bb6 Ne6 40. Ke3 Ke5 41. Ba7 Kd5 42. Bb6 Kc6 43. Ba7 Kd5 1/2-1/2

[Event "HUN-chT2 Toth 0809"]
[White "Egyed, Gabor"]
[Black "Tenk, Zoltan"]
[Site "Hungary"]
[Round "7.6"]
[Result "1/2-1/2"]
[Date "2009.02.08"]
[WhiteElo "1885"]
[BlackElo "2145"]
[PlyCount "88"]
[EventDate "2008.10.26"]
[EventType "tourn"]
[EventRounds "11"]
[EventCountry "HUN"]
[SourceTitle "EXT 2010"]
[Source "ChessBase"]
[SourceDate "2010.11.25"]
[SourceVersion "1"]
[SourceVersionDate "2010.11.25"]
[SourceQuality "1"]
[WhiteTeam "Karcag"]
[BlackTeam "Maroczy II"]
[WhiteTeamCountry "HUN"]
[BlackTeamCountry "HUN"]

1. e4 c5 2. Nf3 d6 3. d4 cxd4 4. Nxd4 Nf6 5. Nc3 a6 6. Bg5 e6 7. f4 Be7 8. Qd3 Qc7 9. Be2 Nbd7 10. 0-0-0 b5 11. Bf3 Bb7 12. Bxf6 Nc5 13. Qe2 gxf6 14. e5 Bxf3 15. Qxf3 d5 16. Rhe1 0-0-0 17. a3 h5 18. Na2 Ne4 19. Kb1 f5 20. Re3 Kb7 21. Qe2 Qa5 22. Rg3 Nc5 23. Rh3 Na4 24. Nb3 Qc7 25. Rxh5 Rxh5 26. Qxh5 Rc8 27. Rd2 Bf8 28. Qf3 Kb8 29. h4 Nb6 30. Qf2 Nc4 31. Re2 a5 32. Nc3 b4 33. Nb5 Qb7 34. a4 Be7 35. N3d4 Nb6 36. b3 Nd7 37. g3 Nc5 38. Qf3 Ne4 39. Rg2 Bc5 40. Qd3 Qb6 41. Ne2 Be7 42. Rh2 Nf2 43. Qf3 Ne4 44. Qd3 Nf2 1/2-1/2